IELTS:3 english for speakers of other languages ; cambridge practice tests ; examination papers from university of cambridge ESOL examinations with answers ( 4 volume set) + CDs (Record no. 309761)
[ view plain ]
| 000 -LEADER | |
|---|---|
| fixed length control field | 00500 a2200133 4500 |
| 001 - CONTROL NUMBER | |
| control field | 74688 |
| 082 ## - DEWEY DECIMAL CLASSIFICATION NUMBER | |
| Classification number | 428.1076 JAK |
| 090 ## - LOCALLY ASSIGNED LC-TYPE CALL NUMBER (OCLC); LOCAL CALL NUMBER (RLIN) | |
| -- | 39060 |
| -- | 39060 |
| 100 ## - MAIN ENTRY--PERSONAL NAME | |
| Personal name | Jakeman, V |
| 245 ## - TITLE STATEMENT | |
| Title | IELTS:3 english for speakers of other languages ; cambridge practice tests ; examination papers from university of cambridge ESOL examinations with answers ( 4 volume set) + CDs |
| Medium | English |
| 260 ## - PUBLICATION, DISTRIBUTION, ETC. | |
| Place of publication, distribution, etc. | Lahore |
| Name of publisher, distributor, etc. | Frontier Pub Co |
| Date of publication, distribution, etc. | 2002 |
| 300 ## - PHYSICAL DESCRIPTION | |
| Extent | iv,172p |
| 600 ## - SUBJECT ADDED ENTRY--PERSONAL NAME | |
| Personal name | university of cambridge ESOL examinations |
| 942 ## - ADDED ENTRY ELEMENTS (KOHA) | |
| Institution code [OBSOLETE] | NUST-CAE |
| Call number prefix | 428.1076 JAK |
| Withdrawn status | Lost status | Damaged status | Not for loan | Collection code | Permanent Location | Current Location | Date acquired | Total Checkouts | Full call number | Barcode | Date last seen | Price effective from | Koha item type |
|---|---|---|---|---|---|---|---|---|---|---|---|---|---|
| College of Aeronautical Engineering (CAE) | College of Aeronautical Engineering (CAE) | 04/03/2017 | 428.1076 JAK | CAE79925 | 04/05/2017 | 04/05/2017 | Book |
